IFM Opac

The Essential Microfinance (Record no. 22143)

MARC details
000 -LEADER
fixed length control field 00317nam a22001337a 4500
020 ## - INTERNATIONAL STANDARD BOOK NUMBER
ISBN 978-93-5206-845-6
082 ## - DEWEY DECIMAL CLASSIFICATION NUMBER
Classification number 332
100 ## - MAIN ENTRY--AUTHOR NAME
Personal name Kumar, A. Ramesh
245 ## - TITLE STATEMENT
Title The Essential Microfinance
260 ## - PUBLICATION, DISTRIBUTION, ETC. (IMPRINT)
Place of publication Chennai:
Name of publisher Notion Press,
Year of publication 2016
300 ## - PHYSICAL DESCRIPTION
Number of Pages xxi, 370p.: ill.; 28cm
700 ## - ADDED ENTRY--PERSONAL NAME
Personal name Qazi, Moin
942 ## - ADDED ENTRY ELEMENTS (KOHA)
Koha item type Books
Holdings
Withdrawn status Lost status Damaged status Not for loan Collection code Permanent Location Current Location Shelving location Date acquired Source of acquisition Full call number Accession Number Price effective from Koha item type
        Non-fiction IFM Main Campus Library IFM Main Campus Library Work Room processing 01/13/2026 Purchased 332 KUM 0000030568 01/13/2026 Books
        Non-fiction IFM Main Campus Library IFM Main Campus Library Work Room processing 01/13/2026 Purchased 332 KUM 0000030569 01/13/2026 Books
        Non-fiction IFM Main Campus Library IFM Main Campus Library Work Room processing 01/13/2026 Purchased 332 KUM 0000030567 01/13/2026 Books